E-digest of environmental statistics (Record no. 120530)
[ view plain ]
| 000 -LEADER | |
|---|---|
| fixed length control field | 01046cam a2200193 4500 |
| 001 - CONTROL NUMBER | |
| control field | ##L135507 |
| 008 - FIXED-LENGTH DATA ELEMENTS--GENERAL INFORMATION | |
| fixed length control field | 061103n 000 0 eng u |
| 035 ## - SYSTEM CONTROL NUMBER | |
| System control number | (Sirsi) u135507 |
| 041 0# - LANGUAGE CODE | |
| Language code of text/sound track or separate title | eng |
| 110 1# - MAIN ENTRY--CORPORATE NAME | |
| Corporate name or jurisdiction name as entry element | United Kingdom |
| Subordinate unit | Department for Environment, Food and Rural Affairs |
| 245 00 - TITLE STATEMENT | |
| Title | E-digest of environmental statistics |
| 520 ## - SUMMARY, ETC. | |
| Summary, etc. | Provides summary statistics on the United Kingdom environment by topic: Air quality, coastal and marine waters, UK Environmental Protection Expenditure by Industry Survey, global atmosphere, inland water quality and use, land use and cover, noise, public attitudes, radioactivity, waste and recycling, wildlife, and supplemental data. Also includes links to a number of key publications. |
| 590 ## - LOCAL NOTE (RLIN) | |
| Local note | IKA141106 |
| 650 24 - SUBJECT ADDED ENTRY--TOPICAL TERM | |
| Topical term or geographic name entry element | DTI UK ENVIRONMENTAL PROTECTION EXPENDITURE SURVEY |
| 651 #4 - SUBJECT ADDED ENTRY--GEOGRAPHIC NAME | |
| Geographic name | United Kingdom |
| Chronological subdivision | |
| 690 ## - LOCAL SUBJECT ADDED ENTRY--TOPICAL TERM (OCLC, RLIN) | |
| Topical term or geographic name as entry element | ENVIRONMENTAL AND LAND CONSULTANCY |
| 856 40 - ELECTRONIC LOCATION AND ACCESS | |
| Uniform Resource Identifier | <a href="https://www.defra.gov.uk/environment/statistics/index.htm ">https://www.defra.gov.uk/environment/statistics/index.htm </a> |
| Public note | View the website free of charge at www.defra.gov.uk... |
| 942 ## - ADDED ENTRY ELEMENTS (KOHA) | |
| Suppress in OPAC | 0 |
| Withdrawn status | Lost status | Source of classification or shelving scheme | Damaged status | Not for loan | Home library | Current library | Shelving location | Date acquired | Total Checkouts | Full call number | Barcode | Date last seen | Copy number | Price effective from | Koha item type |
|---|---|---|---|---|---|---|---|---|---|---|---|---|---|---|---|
| Dewey Decimal Classification | Virtual | Virtual | Online | 03/11/2006 | ONLINE PUBLICATION | 135507-2001 | 06/08/2019 | 1 | 06/08/2019 | Online material |